| 000 | 00486nam a22001697a 4500 | ||
|---|---|---|---|
| 003 | NUST - PNEC | ||
| 005 | 20170116180929.0 | ||
| 008 | 150905b xxu||||| |||| 00| 0 eng d | ||
| 020 | _a0201055090 | ||
| 040 | _cLIBRARY | ||
| 082 | _a621.366 OSH | ||
| 100 |
_98119 _aO'Shea, Donald C. |
||
| 245 |
_aIntroduction to lasers and their applications _cDonald C. O' Shea, William T. Rhodes and W. Russell,Callen |
||
| 260 | _cc.1977 | ||
| 650 |
_98122 _aLasers _xEE, EL |
||
| 942 |
_2ddc _cBK |
||
| 999 |
_c65839 _d65839 |
||